| 000 | 00357nam a22001217a 4500 | ||
|---|---|---|---|
| 082 | _a220 PRO | ||
| 100 |
_aAHMAD, MUNEEB, IHTISHAM UL AHSAN, _972059 |
||
| 245 | _aPR-SOF-1279-DESIGN FABRICATION AND ANALYSIS OF WATER WHEEL | ||
| 260 |
_aISLAMABAD _bNUST COLLEGE OF EME _c2013 |
||
| 650 | _aDE-MECH-31 | ||
| 700 |
_aSUPERVISOR SADIA RIAZ _972060 |
||
| 942 | _cCR | ||
| 999 |
_c578260 _d578260 |
||